| 000 | 01072cam a22002771 4500 | ||
|---|---|---|---|
| 001 | gs 65000161 | ||
| 003 | DLC | ||
| 005 | 20260227111416.0 | ||
| 008 | 780308s1964 dcua f000 0 eng c | ||
| 010 | _ags 65000161 | ||
| 035 | _a(OCoLC)3696831 | ||
| 040 |
_aU. S. Geol. Survey. Libr. _cUSlW _dOCoLC _dDLC |
||
| 042 | _apremarc | ||
| 050 | 0 | 0 |
_aQE75 _b.P9 no. 461 |
| 100 | 1 |
_aSimons, Frank S. _q(Frank Stanton), _d1917- |
|
| 245 | 1 | 0 |
_aGeology of the Klondyke quadrangle, Graham and Pinal Counties, Arizona, _cby Frank S. Simons. |
| 260 |
_aWashington, _bU.S. Govt. Print. Off., _c1964. |
||
| 300 |
_avi, 173 p. _billus., maps (1 fold. col. in pocket) _c29 cm. |
||
| 410 | 2 | 0 |
_aGeological Survey (U.S.) _tProfessional paper _v461 |
| 504 | _aBibliography: p. 168-170. | ||
| 650 | 0 |
_aGeology _zArizona _zGraham County. |
|
| 650 | 0 |
_aGeology _zArizona _zPinal County. |
|
| 650 | 0 |
_aMines and mineral resources _zArizona _zGraham County. |
|
| 650 | 0 |
_aMines and mineral resources _zArizona _zPinal County. |
|
| 740 | 0 | _aKlondyke quadrangle, Graham and Pinal Counties, Arizona. | |
| 999 |
_c29998 _d29998 |
||